| 000 | 00454nam a22001817a 4500 | ||
|---|---|---|---|
| 005 | 20230403151122.0 | ||
| 008 | 230401b |||||||| |||| 00| 0 eng d | ||
| 020 | _a9788185731766 | ||
| 041 | _aeng | ||
| 082 | _a610 KUL-H | ||
| 100 |
_aKULKARNI , S.K _97696 |
||
| 245 | _aHANDBOOK OF EXPERIMENTAL PHARMACOLOGY | ||
| 250 | _a4th ed. | ||
| 260 |
_bVALLABH PRAKASHAN _c2022 |
||
| 300 | _a279;P. | ||
| 650 |
_aPHARMACY _xB. PHARMA _97697 |
||
| 942 | _cBK | ||
| 999 |
_c8265 _d8263 |
||